000 00910cam a22002893a 4500
001 20101
003 PGUSA
005 20140828083427.0
008 061214s2006||||xxu|||||s|||||000 1 eng d
040 _aPGUSA
_beng
042 _adc
050 4 _aPS
100 1 _aKing, Charles,
_d1844-1933
245 1 0 _aUnder Fire
_h[electronic resource] /
_cCharles King
260 _bProject Gutenberg,
_c2006
506 _aPublic domain in the USA.
516 _aElectronic text
653 _aFrontier and pioneer life -- West (U.S.) -- Fiction
653 _aWestern stories
653 _aWest (U.S.) -- Social life and customs -- Fiction
653 _aSoldiers -- West (U.S.) -- Fiction
653 _aUnited States. Army -- Military life -- Fiction
653 _aIndians of North America -- Fiction
830 0 _aProject Gutenberg
_v20101
856 4 0 _uhttp://www.gutenberg.org/ebooks/20101
942 _cEB
999 _c249356
_d249356